Nghiên cứu luật số lớn của dãy các biến ngẫu nhiên phụ thuộc : Báo cáo tổng kết đề tài nghiên cứu khoa học của sinh viên

Nghiên cứu quy luật của một số dãy các biến ngẫu nhiên phụ thuộc như bước đi ngẫu nhiên, Martingale, Markov, quá trình khuếch tán để dự báo sự biến đổi trong tương lai.

Sparad:
Bibliografiska uppgifter
Huvudupphovsman: Lê, Nguyễn Thúy Vân
Materialtyp: Bok
Språk:Undetermined
Publicerad: Cần Thơ Trường Đại học Cần Thơ 2017
Ämnen:
Taggar: Lägg till en tagg
Inga taggar, Lägg till första taggen!
Thư viện lưu trữ: Trung tâm Học liệu Trường Đại học Cần Thơ
LEADER 01139nam a2200217Ia 4500
001 CTU_230508
008 210402s9999 xx 000 0 und d
082 |a 519.22 
082 |b V121 
088 |a TSV2017-23 
100 |a Lê, Nguyễn Thúy Vân 
245 0 |a Nghiên cứu luật số lớn của dãy các biến ngẫu nhiên phụ thuộc : 
245 0 |b Báo cáo tổng kết đề tài nghiên cứu khoa học của sinh viên 
245 0 |c Lê Nguyễn Thúy Vân (Chủ nhiệm đề tài) ; Lâm Hoàng Chương (Cán bộ hướng dẫn) 
260 |a Cần Thơ 
260 |b Trường Đại học Cần Thơ 
260 |c 2017 
520 |a Nghiên cứu quy luật của một số dãy các biến ngẫu nhiên phụ thuộc như bước đi ngẫu nhiên, Martingale, Markov, quá trình khuếch tán để dự báo sự biến đổi trong tương lai. 
650 |a Stochastic analysis,Giải tích ngẫu nhiên 
910 |b nthai 
980 |a Trung tâm Học liệu Trường Đại học Cần Thơ